000 00733nas a2200265 4500
001 BR0202457
003 BR-BrBNA
005 20231205102948.0
007 ta
008 230509b bl.|||p| |||| 00| 00por d
040 _aBR-BrBNA
_bpor
_cBiblioteca Nacional de Agricultura
041 _a(En)
072 _aF60
100 1 _aAbreu, H. dos S.
100 1 _aMaria, M.A.
100 1 _aReis, J.L.
245 1 _aDual oxidation ways toward lignin evolution
650 _aPLANTA
650 _aOXIDAÇÃO
650 _aANÁLISE QUÍMICA
650 _aLIGNINA
773 0 _tFloresta e Ambiente (Brazil)
_xISSN 1415-0980
_g(2001), v. 8(1) p. 207-210
_wBR0202457
909 _a202311
_bLúcia
_c55
_dLúcia Elande
942 _2AGRIS
_n0
_cANA
999 _c170294
_d170294